Winterolympiade-Medaillen-Tabelle 2018 - Statistiken

Allgemein
  • Dieses Quiz wurde 120 mal gespielt
  • Das Durchschnittsergebnis liegt bei 9 aus 10
Antwortstatistiken
G S B Medaillen Land % Korrekt
14 10 7 31 Deutschland
100%
14 14 11 39 Norwegen
100%
5 3 6 14 Österreich
96%
7 6 1 14 Schweden
95%
9 8 6 23 Vereinigte Staaten
95%
11 8 10 29 Kanada
93%
5 6 4 15 Schweiz
87%
5 4 6 15 Frankreich
83%
8 6 6 20 Niederlande
69%
5 8 4 17 Südkorea
68%
Keine übereinstimmenden Quizze gefunden
Verteilung der Resultate
Anzahl Personen mit jedem Resultat
Perzentil nach korrekt beantworteten Fragen
Ihre Resultats-Entwicklung
Sie haben dieses Quiz noch nicht gespielt